<?xml version="1.0" encoding="UTF-8"?>
<record
    xmlns:xsi="http://www.w3.org/2001/XMLSchema-instance"
    xsi:schemaLocation="http://www.loc.gov/MARC21/slim http://www.loc.gov/standards/marcxml/schema/MARC21slim.xsd"
    xmlns="http://www.loc.gov/MARC21/slim">

  <leader>00807nam a22002057a 4500</leader>
  <controlfield tag="005">20251002120853.0</controlfield>
  <datafield tag="020" ind1=" " ind2=" ">
    <subfield code="a">97899780802</subfield>
    <subfield code="c">TZS 10,000/=</subfield>
  </datafield>
  <datafield tag="040" ind1=" " ind2=" ">
    <subfield code="a">MCCL</subfield>
    <subfield code="b">eng.</subfield>
    <subfield code="e">AACR 2nd. ed. rev.</subfield>
  </datafield>
  <datafield tag="082" ind1=" " ind2=" ">
    <subfield code="a">519.5 NAT</subfield>
  </datafield>
  <datafield tag="100" ind1=" " ind2=" ">
    <subfield code="a">NATIONAL BOARD...</subfield>
  </datafield>
  <datafield tag="245" ind1=" " ind2=" ">
    <subfield code="a">Elements of Business mathematics and statistics :</subfield>
    <subfield code="c">National Board..</subfield>
    <subfield code="b">story text/</subfield>
  </datafield>
  <datafield tag="260" ind1=" " ind2=" ">
    <subfield code="a">Tanzania : </subfield>
    <subfield code="b">Changombe Industrial Area ,</subfield>
    <subfield code="c">c2014</subfield>
  </datafield>
  <datafield tag="300" ind1=" " ind2=" ">
    <subfield code="a">384 p . :</subfield>
    <subfield code="b"> ill ;</subfield>
    <subfield code="c">30 cm.</subfield>
  </datafield>
  <datafield tag="500" ind1=" " ind2=" ">
    <subfield code="a">includes index</subfield>
  </datafield>
  <datafield tag="520" ind1=" " ind2=" ">
    <subfield code="a">Aimed both at students taking professional accounting examinations and at business studies students, this book provides a comprehensive introduction to basic techniques in business mathematics and statistics</subfield>
  </datafield>
  <datafield tag="546" ind1=" " ind2=" ">
    <subfield code="a">eng.</subfield>
  </datafield>
  <datafield tag="650" ind1=" " ind2=" ">
    <subfield code="a">Business mathematics </subfield>
  </datafield>
  <datafield tag="650" ind1=" " ind2=" ">
    <subfield code="a">Commercial statistics</subfield>
  </datafield>
  <datafield tag="942" ind1=" " ind2=" ">
    <subfield code="c">BK</subfield>
  </datafield>
  <datafield tag="999" ind1=" " ind2=" ">
    <subfield code="c">11616</subfield>
    <subfield code="d">11616</subfield>
  </datafield>
  <datafield tag="952" ind1=" " ind2=" ">
    <subfield code="0">0</subfield>
    <subfield code="1">0</subfield>
    <subfield code="4">0</subfield>
    <subfield code="7">0</subfield>
    <subfield code="a">MU002</subfield>
    <subfield code="b">MU002</subfield>
    <subfield code="d">2022-06-01</subfield>
    <subfield code="l">0</subfield>
    <subfield code="o">519.5 NAT</subfield>
    <subfield code="p">003055</subfield>
    <subfield code="r">2025-10-02 12:10:05</subfield>
    <subfield code="t">1</subfield>
    <subfield code="w">2025-10-02</subfield>
    <subfield code="y">BK</subfield>
  </datafield>
  <datafield tag="952" ind1=" " ind2=" ">
    <subfield code="0">0</subfield>
    <subfield code="1">0</subfield>
    <subfield code="4">0</subfield>
    <subfield code="7">0</subfield>
    <subfield code="a">MU002</subfield>
    <subfield code="b">MU002</subfield>
    <subfield code="d">2022-06-01</subfield>
    <subfield code="l">0</subfield>
    <subfield code="o">519.5 NAT</subfield>
    <subfield code="p">003056</subfield>
    <subfield code="r">2025-10-02 12:10:05</subfield>
    <subfield code="t">2</subfield>
    <subfield code="w">2025-10-02</subfield>
    <subfield code="y">BK</subfield>
  </datafield>
  <datafield tag="952" ind1=" " ind2=" ">
    <subfield code="0">0</subfield>
    <subfield code="1">0</subfield>
    <subfield code="4">0</subfield>
    <subfield code="7">0</subfield>
    <subfield code="a">MU002</subfield>
    <subfield code="b">MU002</subfield>
    <subfield code="d">2022-06-01</subfield>
    <subfield code="l">0</subfield>
    <subfield code="o">519.5 NAT</subfield>
    <subfield code="p">003060</subfield>
    <subfield code="r">2025-10-02 12:10:05</subfield>
    <subfield code="t">3</subfield>
    <subfield code="w">2025-10-02</subfield>
    <subfield code="y">BK</subfield>
  </datafield>
</record>
